date da ricordare - Statistics

Statistiche generali
  • Questo quiz è stato fatto 397 volte
    249 dall'ultimo reset
  • Il punteggio medio è 15 su 20
Statistiche sulle risposte
EVENTO DATA % Corretto
Entrata dell'Italia nella Prima Guerra Mondiale 1915
93%
Entrata dell'Italia nella Seconda Guerra Mondiale 1940
92%
Caduta muro di Berlino 1989
92%
Rivoluzione francese 1789
89%
Unità d'Italia 1861
89%
Il fascismo prende il potere in Italia 1922
88%
Sbarco sulla Luna 1969
88%
Dissoluzione dell'URSS 1991
85%
Trattato di Versailles 1919
80%
Caduta dell'Impero romano d'occidente 476
80%
Incoronazione Carlo Magno 800
78%
Fondazione di Roma 753/753 a.C.
75%
Conferenza di Yalta 1945
71%
Fine delle Guerre Jugoslave 2001
70%
Indipendenza Usa 1776
69%
Congresso di Vienna 1815
66%
Breccia di Porta Pia 1870
59%
Assassinio Umberto I 1900
59%
Caduta dell'Impero Romano d'Oriente 1453
52%
Invenzione della stampa 1450
30%
Nessun quiz corrispondente trovato
Distribuzione punteggi
Percentuale di utenti per punteggio
Percentile per numero di risposta
I tuoi punteggi nel tempo
Non hai fatto questo quiz dall'ultimo reset